LEADER 00915nam0-22003131i-450- 001 990008486490403321 005 20070625115230.0 010 $a0521325218 035 $a000848649 035 $aFED01000848649 035 $a(Aleph)000848649FED01 035 $a000848649 100 $a20070319d1987----km-y0itay50------ba 101 0 $aeng 102 $aGB 105 $ay-------001yy 200 1 $a<>political thought of Baldus de Ubaldis$fJoseph Canning 210 $aCambridge$cCambridge university press$d1987 215 $aXI, 300 p.$d23 cm 225 1 $aCambridge studies in medieval life and thought. 4. ser$v6 676 $a320.50924$v19$zita 700 1$aCanning,$bJoseph$0302024 801 0$aIT$bUNINA$gRICA$2UNIMARC 901 $aBK 912 $a990008486490403321 952 $aSDI-D 157$b387$fSDI 959 $aSDI 996 $aPolitical thought of Baldus de Ubaldis$9730921 997 $aUNINA LEADER 01122nam0-2200361li-450 001 990000178460203316 005 20180312154902.0 010 $a0-88275-801-2 035 $a0017846 035 $aUSA010017846 035 $a(ALEPH)000017846USA01 035 $a0017846 100 $a20001109g19691985km-y0itay0103----ba 101 0 $aeng 102 $aUS 200 1 $aX-ray diffraction methods in polymer science$fLeroy E. Alexander 210 $aMalabar (Fla)$cKreiger Publishing Company$dcopyr. 1969 (stampa 1985) 610 1 $acristallografia dei raggi x 610 1 $adiffrazione dei raggi x 610 1 $apolimeri e polimerizzazione 676 $a547.84$9. 700 1$aAlexander,$bLeroy E.$018169 801 $aSistema bibliotecario di Ateneo dell' Università di Salerno$gRICA 912 $a990000178460203316 951 $a547.84 ALE$b0002328 959 $aBK 969 $aTEC 979 $c19940407 979 $c20001110$lUSA01$h1713 979 $c20020403$lUSA01$h1625 979 $aPATRY$b90$c20040406$lUSA01$h1613 996 $aX-ray diffraction methods in polymer science$91501724 997 $aUNISA